Myšlenkové mapy a jejich přínosy pro vzdělávání dospělých

Základná problematika tvorby myšlienkových máp. Postup pri tvorbe myšlienkových máp. Prínosy využitia myšlienkových máp. Praktický prínos využitia myšlienkových máp vo vzdelávaní.

Saved in:
Bibliographic Details
Main Author: Španielová, Soňa
Format: Book Chapter
Language:Czech
Subjects:
Tags: Add Tag
No Tags, Be the first to tag this record!

MARC

LEADER 00000nla a2200000 4500
001 0163285
005 20240502072832.9
041 0 |a cze 
044 |a SK 
245 1 0 |a Myšlenkové mapy a jejich přínosy pro vzdělávání dospělých  |c Soňa Španielová 
520 |a Základná problematika tvorby myšlienkových máp. Postup pri tvorbe myšlienkových máp. Prínosy využitia myšlienkových máp. Praktický prínos využitia myšlienkových máp vo vzdelávaní. 
610 2 0 |a vzdelávanie dospelých 
610 2 0 |a informácie 
610 2 0 |a komunikácia 
610 2 0 |a psychológia 
100 1 |a Španielová, Soňa